Loading...
| Other | 0 | 3 | 0 | 0 | 30 | 82 | 87.33 | 1 | 2 | 0.00 | 0.00 |
| Social Science | 0 | 2 | 0 | 1 | 20 | 118 | 121.00 | 0 | 2 | 0.00 | 0.00 |
| Science - Other | 0 | 2 | 1 | 0 | 15 | 83 | 98.00 | 0 | 2 | 0.00 | 0.00 |
| Fine Arts - Other | 0 | 2 | 1 | 1 | 15 | 60 | 89.50 | 1 | 2 | 0.00 | 0.00 |
| History - Other | 0 | 1 | 0 | 1 | 10 | 131 | 131.00 | 0 | 1 | 0.00 | 0.00 |
| Literature - World | 0 | 1 | 0 | 0 | 10 | 100 | 100.00 | 0 | 1 | 0.00 | 0.00 |
| Philosophy | 0 | 1 | 0 | 0 | 10 | 108 | 108.00 | 0 | 0 | 0.00 | 0.00 |
| Science - Biology | 0 | 1 | 0 | 0 | 10 | 94 | 94.00 | 1 | 1 | 0.00 | 0.00 |
| Religion | 0 | 1 | 0 | 0 | 10 | 105 | 105.00 | 0 | 0 | 0.00 | 0.00 |
| Science - Chemistry | 0 | 1 | 0 | 0 | 10 | 100 | 100.00 | 0 | 1 | 0.00 | 0.00 |
| History - American | 0 | 1 | 0 | 0 | 10 | 98 | 98.00 | 0 | 1 | 0.00 | 0.00 |
| History - European | 0 | 1 | 0 | 0 | 10 | 94 | 94.00 | 0 | 1 | 0.00 | 0.00 |
| Mythology | 0 | 1 | 1 | 0 | 5 | 40 | 40.00 | 1 | 1 | 0.00 | 0.00 |
| History - World | 0 | 1 | 1 | 1 | 5 | 136 | 136.00 | 0 | 0 | 0.00 | 0.00 |
| Fine Arts - Classical Music | 0 | 0 | 0 | 0 | 0 | 0.00 | 0 | 0 | 0.00 | 0.00 | |
| Literature - European | 0 | 0 | 0 | 0 | 0 | 0.00 | 0 | 0 | 0.00 | 0.00 |